000 00522nam a2200145Ia 4500
008 151213s9999 xx 000 0 und d
100 _aতারা পদ রায়।
245 _aদুর্ভিক্ষে কবিতা ।
_cতারা পদ রায়।
260 _aকোলকাতা।
_bআনন্দ পাবলিকেশন্স।
_cevsjv 1396
300 _a8761 p.
650 _aBangla
650 _aকবিতা
700 _aতারা পদ রায়।
999 _c4546
_d4546